书目信息 |
| 题名: |
现代经济学高级教程
|
|
| 作者: | 罗光强 , 曾福生 编著 | |
| 分册: | ||
| 出版信息: | 北京 中国经济出版社 2008.05 |
|
| 页数: | 365页 | |
| 开本: | 21cm | |
| 丛书名: | ||
| 单 册: | ||
| 中图分类: | F0 | |
| 科图分类: | ||
| 主题词: | 经济学--jing ji xue--高等学校--教材 | |
| 电子资源: | ||
| ISBN: | 978-7-5017-8480-6 | |
| 000 | 00885nam0 2200253 450 | |
| 001 | 012009194957 | |
| 005 | 20090622184122.96 | |
| 010 | @a978-7-5017-8480-6@dCNY25.00 | |
| 100 | @a20090622d2008 em y0chiy0120 ea | |
| 101 | 0 | @achi |
| 102 | @aCN@b110000 | |
| 105 | @aak a 000yy | |
| 106 | @ar | |
| 200 | 1 | @a现代经济学高级教程@Axian dai jing ji xue gao ji jiao cheng@f罗光强, 曾福生编著@Fluo guang qiang,zeng fu bian sheng zhu |
| 210 | @a北京@c中国经济出版社@d2008.05 | |
| 215 | @a365页@c图@d21cm | |
| 320 | @a有书目 (第364-365页) | |
| 330 | @a本书总共分为3编,内容包括:消费者理论,生产者理论,竞争均衡论,垄断均衡论,经济增长理论,经济周期理论部分。 | |
| 606 | 0 | @a经济学@Ajing ji xue@x高等学校@j教材 |
| 690 | @aF0@v4 | |
| 701 | 0 | @a罗光强@Aluo guang qiang@4编著 |
| 701 | 0 | @a曾福生@Azeng fu sheng@4编著 |
| 801 | 0 | @aCN@bQSSK@c20090622 |
| 905 | @b746483-85@dF0@eL935@f3 | |
| 现代经济学高级教程/罗光强, 曾福生编著.-北京:中国经济出版社,2008.05 |
| 365页:图;21cm |
| ISBN 978-7-5017-8480-6:CNY25.00 |
| 本书总共分为3编,内容包括:消费者理论,生产者理论,竞争均衡论,垄断均衡论,经济增长理论,经济周期理论部分。 |
| ● |
| 相关链接 |
|
|
|
正题名:现代经济学高级教程
索取号:F0/L935
 
预约/预借
| 序号 | 登录号 | 条形码 | 馆藏地/架位号 | 状态 | 备注 |
| 1 | 746483 | 207464830 | 社科二线422/409社科库 61排2列3层/ [索取号:F0/L935] | 在馆 | |
| 2 | 746484 | 207464849 | 社科库409/409社科库 61排2列3层/ [索取号:F0/L935] | 在馆 | |
| 3 | 746485 | 207464858 | 社科二线422/409社科库 61排2列3层/ [索取号:F0/L935] | 在馆 |